Mr. Popper's penguins : (Record no. 7326)

MARC details
000 -LEADER
fixed length control field 01053nam a22002777a 4500
001 - CONTROL NUMBER
control field 7326
003 - CONTROL NUMBER IDENTIFIER
control field FISKH
005 - DATE AND TIME OF LATEST TRANSACTION
control field 20250709143142.0
008 - FIXED-LENGTH DATA ELEMENTS--GENERAL INFORMATION
fixed length control field 250709b cb ||||| |||| 00| 0 eng d
020 ## - INTERNATIONAL STANDARD BOOK NUMBER
International Standard Book Number 0590477331
040 ## - CATALOGING SOURCE
Original cataloging agency FISKH
Language of cataloging eng
Transcribing agency FISKH
Modifying agency FISKH
050 ## - LIBRARY OF CONGRESS CALL NUMBER
Classification number PZ7.A892 M
082 ## - DEWEY DECIMAL CLASSIFICATION NUMBER
Classification number 813
100 ## - MAIN ENTRY--PERSONAL NAME
Personal name Atwater, Richard
Dates associated with a name (1892–1948)
245 ## - TITLE STATEMENT
Title Mr. Popper's penguins :
Remainder of title Mr.Popper is in for a particularly pleasant surprise! /
Statement of responsibility, etc. By Richard and Florece Atwater ; Illustrated by Robert Lawson
250 ## - EDITION STATEMENT
Edition statement This edition first published in 1994
260 ## - PUBLICATION, DISTRIBUTION, ETC.
Place of publication, distribution, etc. Boston :
Name of publisher, distributor, etc. Scholastic,
Date of publication, distribution, etc. 1938
300 ## - PHYSICAL DESCRIPTION
Extent 138 pages :
Other physical details illustrations ;
Dimensions 20 cm
520 ## - SUMMARY, ETC.
Summary, etc. The unexpected delivery of a large crate containing an Antarctic penguin changes the life and fortunes of Mr. Popper, a house painter obsessed by dreams of the Polar regions.<br/>
650 ## - SUBJECT ADDED ENTRY--TOPICAL TERM
Source of heading or term Children's literature
Topical term or geographic name entry element Animals
650 ## - SUBJECT ADDED ENTRY--TOPICAL TERM
Source of heading or term Juvenile fiction
Topical term or geographic name entry element Penguins
700 ## - ADDED ENTRY--PERSONAL NAME
Personal name Atwater, Florence
700 ## - ADDED ENTRY--PERSONAL NAME
Personal name Lawson, Robert
Dates associated with a name illustrator
942 ## - ADDED ENTRY ELEMENTS (KOHA)
Source of classification or shelving scheme Dewey Decimal Classification
Koha item type Books
Suppress in OPAC No
Holdings
Withdrawn status Lost status Source of classification or shelving scheme Damaged status Not for loan Collection Home library Current library Shelving location Date acquired Total Checkouts Full call number Barcode Date last seen Copy number Price effective from Koha item type
    Dewey Decimal Classification     Fiction Footprints International School Library Network Toul Tom Poung Campus Footprints International School Library Network Toul Tom Poung Campus TTP Secondary Fiction Bookshelves 07/09/2025   ATW 813 PZ7.A892 M 2025-1788 07/09/2025 1 07/09/2025 Books